[Event "40th ECC Open 2025"]
[Site "Rhodes GRE"]
[Date "2025.10.22"]
[Round "4.82"]
[White "Grigorian, Spartak"]
[Black "Carafizi, Vasile"]
[Result "1-0"]
[WhiteTitle "IM"]
[BlackTitle "FM"]
[WhiteElo "2424"]
[BlackElo "2134"]
[WhiteTeam "SV Werder Bremen"]
[BlackTeam "De Sprenger Echternach"]
[WhiteFideId "24661490"]
[BlackFideId "4002539"]
[EventDate "2025.10.19"]
[EventType "team"]

1. e4 e5 2. Nf3 Nc6 3. Bc4 Nf6 4. d3 d6 5. a4 h6 6. O-O g5 7. a5 a6 8. Re1 Be7
9. c3 Bd7 10. Qb3 O-O 11. Nbd2 Qc8 12. Nf1 Bd8 13. d4 Kg7 14. Ng3 Bg4 15. Qd1
Re8 16. h3 Bd7 17. Qd2 Rh8 18. b4 Be7 19. Bb2 b5 20. axb6 cxb6 21. Bd5 Qc7 22.
c4 Rad8 23. Rxa6 Nxd5 24. cxd5 Nb8 25. dxe5 Qc4 26. exd6+ f6 27. dxe7 1-0

[Event "40th ECC Open 2025"]
[Site "Rhodes GRE"]
[Date "2025.10.22"]
[Round "4.83"]
[White "Sparwel, Oliver"]
[Black "Reuker, Jari"]
[Result "0-1"]
[BlackTitle "IM"]
[WhiteElo "1997"]
[BlackElo "2390"]
[WhiteTeam "De Sprenger Echternach"]
[BlackTeam "SV Werder Bremen"]
[WhiteFideId "4002660"]
[BlackFideId "12909300"]
[EventDate "2025.10.19"]
[EventType "team"]

1. d4 Nf6 2. Nf3 g6 3. b3 Bg7 4. Bb2 O-O 5. g3 d5 6. Bg2 c5 7. Nbd2 cxd4 8. O-O
Re8 9. Bxd4 Nc6 10. Bb2 e5 11. e3 Bf5 12. Rc1 Qd7 13. Re1 Bg4 14. e4 Rad8 15.
Qe2 h5 16. Qf1 dxe4 17. Nxe4 Nxe4 18. Rxe4 Bf5 19. Rc4 e4 20. Nd4 Nxd4 21. Rd1
Ne2+ 0-1

[Event "40th ECC Open 2025"]
[Site "Rhodes GRE"]
[Date "2025.10.22"]
[Round "4.84"]
[White "Schulze, Lara"]
[Black "Densing, Gerd"]
[Result "1-0"]
[WhiteTitle "FM"]
[WhiteElo "2319"]
[BlackElo "1817"]
[WhiteTeam "SV Werder Bremen"]
[BlackTeam "De Sprenger Echternach"]
[WhiteFideId "12956830"]
[BlackFideId "24621013"]
[EventDate "2025.10.19"]
[EventType "team"]

1. e4 e6 2. d4 d5 3. e5 c5 4. c3 Nc6 5. Nf3 Bd7 6. Be2 Nh6 7. Bxh6 gxh6 8. O-O
Bg7 9. Nbd2 cxd4 10. cxd4 a6 11. Nb3 O-O 12. Nc5 b6 13. Nd3 f6 14. Qd2 fxe5 15.
Ndxe5 Nxe5 16. Nxe5 Bxe5 17. dxe5 Qg5 18. f4 Qg7 19. Rac1 Rfc8 20. Rxc8+ Bxc8
21. Rc1 Bb7 22. Qd4 Rc8 23. Rxc8+ Bxc8 24. Qxb6 Qd7 25. Bxa6 Bxa6 26. Qxa6 d4
27. Qd3 Qd5 28. a3 h5 29. Kf2 Kg7 30. a4 h4 31. a5 h3 32. gxh3 Qxa5 33. Qxd4 Qa8
34. Qd7+ Kf8 35. Qd6+ Kf7 36. Qd7+ Kf8 37. Qxe6 Qh1 38. Qf6+ Ke8 39. Qh8+ Ke7
40. Qxh7+ Ke6 41. Qg8+ 1-0

[Event "40th ECC Open 2025"]
[Site "Rhodes GRE"]
[Date "2025.10.22"]
[Round "4.85"]
[White "Dotzer, Lukas"]
[Black "Feuerstack, Aljoscha"]
[Result "1-0"]
[WhiteTitle "IM"]
[BlackTitle "IM"]
[WhiteElo "2463"]
[BlackElo "2452"]
[WhiteTeam "Schachfreunde Berlin 1903"]
[BlackTeam "FC St. Pauli"]
[WhiteFideId "1666975"]
[BlackFideId "4681932"]
[EventDate "2025.10.19"]
[EventType "team"]

1. e4 c5 2. Nf3 e6 3. d4 cxd4 4. Nxd4 Nf6 5. Nc3 Nc6 6. Nxc6 bxc6 7. e5 Nd5 8.
Ne4 c5 9. c4 Nb4 10. g3 Bb7 11. Bg2 Nc6 12. Qh5 Qc7 13. Bf4 Nd4 14. O-O Bxe4 15.
Bxe4 Rb8 16. Be3 g6 17. Qd1 Qxe5 18. Qd3 Rxb2 19. Rfb1 Rxb1+ 20. Rxb1 Qd6 21.
Bf4 e5 22. Be3 Bg7 23. Qa3 a6 24. Qa5 Ne6 25. Bd5 e4 26. Rb6 Qe5 27. Bxc5 e3 28.
Bxe3 O-O 29. Rxa6 Nc7 30. Ra7 Nxd5 31. Qxd5 Qc3 32. Rxd7 Kh8 33. Rxf7 Re8 34.
Rxg7 1-0

[Event "40th ECC Open 2025"]
[Site "Rhodes GRE"]
[Date "2025.10.22"]
[Round "4.86"]
[White "Krause, Benedict"]
[Black "Baum, Jonasz"]
[Result "1/2-1/2"]
[WhiteTitle "IM"]
[BlackTitle "IM"]
[WhiteElo "2419"]
[BlackElo "2446"]
[WhiteTeam "FC St. Pauli"]
[BlackTeam "Schachfreunde Berlin 1903"]
[WhiteFideId "12917990"]
[BlackFideId "1195360"]
[EventDate "2025.10.19"]
[EventType "team"]

1. e4 e5 2. Nf3 Nc6 3. d4 exd4 4. Bc4 Nf6 5. e5 d5 6. Bb5 Nd7 7. O-O Be7 8. Bxc6
bxc6 9. Nxd4 Nb8 10. Nc3 O-O 11. Qf3 a5 12. Re1 a4 13. Bd2 Qd7 14. h3 Bc5 15.
Qf4 f6 16. e6 Qd6 17. Qg4 Bxd4 18. Qxd4 Bxe6 19. Bf4 Qd7 20. Nxa4 Na6 21. Re3
Bf7 22. b3 Qf5 23. Bg3 Qxc2 24. Rc3 Qe4 25. Qxe4 dxe4 26. Rxc6 Bd5 27. Rc3 c6
28. Rd1 Nb4 29. Bd6 Nxa2 30. Bxf8 Nxc3 31. Nxc3 Kxf8 32. Nxd5 cxd5 33. Rxd5 Rb8
34. Rd4 Rxb3 35. Rxe4 1/2-1/2

[Event "40th ECC Open 2025"]
[Site "Rhodes GRE"]
[Date "2025.10.22"]
[Round "4.87"]
[White "Schmidek, Emil"]
[Black "Ertan, Can"]
[Result "1/2-1/2"]
[WhiteTitle "IM"]
[BlackTitle "IM"]
[WhiteElo "2427"]
[BlackElo "2351"]
[WhiteTeam "Schachfreunde Berlin 1903"]
[BlackTeam "FC St. Pauli"]
[WhiteFideId "12908150"]
[BlackFideId "6306330"]
[EventDate "2025.10.19"]
[EventType "team"]

1. d4 Nf6 2. c4 e6 3. Nc3 Bb4 4. e3 O-O 5. Bd3 d5 6. Nf3 b6 7. O-O c5 8. cxd5
exd5 9. dxc5 bxc5 10. Na4 c4 11. Be2 Bd7 12. a3 Be7 13. Nc3 Be6 14. Nd4 Qc8 15.
b3 cxb3 16. Qxb3 Nc6 17. Ncb5 Ne4 18. Bf3 Rb8 19. Qa2 Bf6 20. Bd2 Nxd4 21. Nxd4
Bxd4 22. exd4 Nc3 23. Bxc3 Qxc3 24. Rac1 Qxd4 25. Rfd1 Qf6 26. Qd2 Rfc8 27.
Rxc8+ Rxc8 28. Qe3 a5 29. h3 g6 30. Bxd5 Rd8 31. Qf3 Kg7 32. Be4 Qxf3 33. Bxf3
Rxd1+ 34. Bxd1 Kf6 35. Kf1 Ke5 36. Ke2 Kd4 37. Kd2 g5 38. Be2 h6 39. Kc2 f5 40.
g3 Ke4 41. h4 gxh4 42. gxh4 Kf4 43. Kd3 Bd5 44. Kd4 Bf3 45. Bxf3 Kxf3 46. Ke5
Kg4 47. f3+ Kxh4 48. Kxf5 Kg3 49. f4 h5 50. Ke5 h4 51. f5 h3 52. f6 h2 53. f7
h1=Q 54. f8=Q Qf3 55. Qc5 Qd1 56. Qe3+ Kg2 57. Qe4+ Kf2 58. Qf4+ Qf3 59. Qa4
Qh5+ 60. Kd6 Ke3 61. Qc4 Qf5 62. Kc7 Qe5+ 63. Kb6 Qb2+ 1/2-1/2

[Event "40th ECC Open 2025"]
[Site "Rhodes GRE"]
[Date "2025.10.22"]
[Round "4.88"]
[White "Krause, Jonah"]
[Black "Florstedt, Johannes"]
[Result "0-1"]
[WhiteTitle "FM"]
[BlackTitle "FM"]
[WhiteElo "2350"]
[BlackElo "2413"]
[WhiteTeam "FC St. Pauli"]
[BlackTeam "Schachfreunde Berlin 1903"]
[WhiteFideId "12907910"]
[BlackFideId "12922293"]
[EventDate "2025.10.19"]
[EventType "team"]

1. d4 Nf6 2. c4 g6 3. Nc3 d5 4. cxd5 Nxd5 5. e4 Nxc3 6. bxc3 Bg7 7. Bc4 c5 8.
Ne2 Nc6 9. Be3 cxd4 10. cxd4 Qa5+ 11. Bd2 Qa3 12. O-O O-O 13. Bc3 Rd8 14. Qd2 e6
15. Rfd1 a6 16. Rac1 b5 17. Bb3 Bb7 18. d5 Bxc3 19. Qxc3 exd5 20. Nf4 Ne7 21.
Qf6 Rac8 22. Rxc8 Rxc8 23. exd5 Rc1 24. d6 Rxd1+ 25. Bxd1 Qc1 26. Qd4 Nc6 27. d7
Nd8 28. h4 h5 29. Qd6 Kg7 30. Nxg6 fxg6 31. Qe7+ Kh6 32. Qxd8 Qxd1+ 33. Kh2 Qd6+
34. g3 Kg7 35. Qe8 Qf6 36. Qe3 Bc6 37. Qd2 Qf3 38. Qd4+ Kh7 39. Qh8+ Kxh8 40.
d8=Q+ Kg7 0-1

[Event "40th ECC Open 2025"]
[Site "Rhodes GRE"]
[Date "2025.10.22"]
[Round "4.89"]
[White "Poltorak, Sebastian"]
[Black "Sawatzki, Frank"]
[Result "1-0"]
[WhiteTitle "IM"]
[BlackTitle "FM"]
[WhiteElo "2413"]
[BlackElo "2337"]
[WhiteTeam "Schachfreunde Berlin 1903"]
[BlackTeam "FC St. Pauli"]
[WhiteFideId "1199498"]
[BlackFideId "4613600"]
[EventDate "2025.10.19"]
[EventType "team"]

1. e4 c5 2. Nf3 Nc6 3. Nc3 e6 4. d4 cxd4 5. Nxd4 Qc7 6. Ncb5 Qb8 7. Bd3 Nf6 8.
O-O Be7 9. Qe2 Ne5 10. f4 Nxd3 11. cxd3 a6 12. Nc3 Bc5 13. Be3 Qa7 14. Nc2 Bxe3+
15. Nxe3 d5 16. exd5 O-O 17. Qf2 Rd8 18. dxe6 Bxe6 19. Rad1 Qd4 20. f5 Bd7 21.
Nc2 Qxf2+ 22. Rxf2 Re8 23. h3 h5 24. Rf4 Rac8 25. Rd2 Kh7 26. d4 Kh6 27. Nb4 Kg5
28. Nd3 Re3 29. h4+ Kh6 30. Ne5 Be8 31. Kf2 Rexc3 32. bxc3 Nd5 33. Rf3 Nxc3 34.
Kg1 Nd5 35. Nd3 Rc3 36. Nc5 Rc1+ 37. Kh2 Bc6 38. Nd3 Ra1 39. Ne5 Be8 40. Rc2 Rd1
41. Rc8 Nf6 42. Rfc3 Rxd4 43. Rxe8 Nxe8 44. Rc8 Rxh4+ 45. Kg3 1-0

[Event "40th ECC Open 2025"]
[Site "Rhodes GRE"]
[Date "2025.10.22"]
[Round "4.90"]
[White "Eberle, Triona"]
[Black "Polzin, Rainer"]
[Result "1/2-1/2"]
[BlackTitle "GM"]
[WhiteElo "2008"]
[BlackElo "2393"]
[WhiteTeam "FC St. Pauli"]
[BlackTeam "Schachfreunde Berlin 1903"]
[WhiteFideId "34627731"]
[BlackFideId "4610741"]
[EventDate "2025.10.19"]
[EventType "team"]

1. e4 c6 2. d4 d5 3. exd5 cxd5 4. Bd3 Nc6 5. c3 Nf6 6. Bf4 Bg4 7. Qb3 Qd7 8. Nd2
e6 9. Ngf3 Bxf3 10. Nxf3 Bd6 11. Bxd6 Qxd6 12. Qxb7 Rb8 13. Qa6 O-O 14. O-O Rb6
15. Qa4 Rxb2 16. Bb5 Ne4 17. c4 Ne7 18. Qxa7 dxc4 19. Bxc4 Nc6 20. Qa4 Nxd4 21.
Nxd4 Qxd4 22. Bb3 Qxa4 23. Bxa4 Nc3 24. Bb3 g5 25. g3 Rd8 26. Kg2 Rdd2 27. Kf3
h5 28. h3 Kg7 29. Bc4 Rd4 30. Ba6 g4+ 31. hxg4 hxg4+ 32. Kg2 Rdd2 33. a4 Ne4 34.
Rab1 Rxb1 35. Rxb1 Rxf2+ 36. Kg1 Ra2 37. Rb4 Ra1+ 38. Kg2 Ra2+ 39. Kg1 f5 40.
Bc4 Ra1+ 41. Kg2 Kf6 42. Rb6 Ng5 43. Bb3 Ke5 44. Rb5+ Kd4 45. a5 e5 46. Rb4+ Kc5
47. Ra4 Rxa4 48. Bxa4 Nf3 49. Bd7 Nd4 50. Kf2 Kd6 51. a6 Kc7 52. Ke3 Kb6 53. Bc8
Ka7 54. Kf2 f4 55. gxf4 exf4 56. Bxg4 Kxa6 57. Bf3 Kb6 58. Be4 Kc5 59. Bb7 Kd6
60. Ba8 Ke5 61. Bb7 Kf5 62. Ba8 Kg4 63. Bb7 Nb3 64. Bf3+ Kg5 65. Ba8 Nc5 66. Bc6
Nd3+ 67. Ke2 Ne5 68. Ba8 Kg4 69. Kf2 Nd3+ 70. Ke2 Nc5 71. Kf2 Kf5 72. Kf3 Ne6
73. Bb7 Ng5+ 74. Kf2 Kg4 75. Ba8 f3 76. Bxf3+ Nxf3 1/2-1/2

[Event "40th ECC Open 2025"]
[Site "Rhodes GRE"]
[Date "2025.10.22"]
[Round "4.91"]
[White "Pantzar, Milton"]
[Black "Ragger, Markus"]
[Result "1/2-1/2"]
[WhiteTitle "IM"]
[BlackTitle "GM"]
[WhiteElo "2433"]
[BlackElo "2567"]
[WhiteTeam "Lunds ASK"]
[BlackTeam "SG Riehen"]
[WhiteFideId "1721003"]
[BlackFideId "1610856"]
[EventDate "2025.10.19"]
[EventType "team"]

1. d4 Nf6 2. c4 e6 3. Nf3 d5 4. g3 Bb4+ 5. Bd2 a5 6. Bg2 O-O 7. Qc2 c5 8. cxd5
cxd4 9. Nxd4 Qb6 10. e3 exd5 11. O-O Nc6 12. Nxc6 bxc6 13. Rc1 Rb8 14. Nc3 h5
15. a3 Be7 16. Na4 Qc7 17. Qxc6 Qxc6 18. Rxc6 Bd7 19. Rc7 Bd8 20. Rxd7 Nxd7 21.
b4 axb4 22. Bxb4 Re8 23. Rd1 Be7 24. Bxd5 Bxb4 25. axb4 Red8 26. Be4 Kf8 27. b5
Ke7 28. Rb1 Rdc8 29. Rb4 Ne5 30. b6 Rc4 31. Rxc4 Nxc4 32. b7 Nd6 33. Bf3 Nxb7
34. Bxh5 Nd6 35. Nc3 Rb2 36. h4 Kf8 37. Bf3 Nc4 38. Ne2 Ne5 39. Nd4 Nd3 40. Be2
Nc5 41. Kg2 Nb3 42. Nxb3 Rxb3 43. g4 Rb1 44. g5 g6 45. f4 Re1 46. Kf2 Rh1 47.
Kg3 Re1 48. Kf2 Rh1 49. Kg3 1/2-1/2

[Event "40th ECC Open 2025"]
[Site "Rhodes GRE"]
[Date "2025.10.22"]
[Round "4.92"]
[White "Rosner, Jonas"]
[Black "Sjodahl, Pontus"]
[Result "1-0"]
[WhiteTitle "IM"]
[BlackTitle "IM"]
[WhiteElo "2431"]
[BlackElo "2431"]
[WhiteTeam "SG Riehen"]
[BlackTeam "Lunds ASK"]
[WhiteFideId "24608513"]
[BlackFideId "1700537"]
[EventDate "2025.10.19"]
[EventType "team"]

1. c4 Nf6 2. Nf3 e6 3. b3 b6 4. g3 Bb7 5. Bg2 Be7 6. Bb2 O-O 7. O-O d5 8. cxd5
Nxd5 9. d4 c5 10. dxc5 Bxc5 11. Nbd2 Nf6 12. a3 Nbd7 13. Nc4 Qb8 14. b4 Be7 15.
Rc1 Rd8 16. Qb3 Bd5 17. Nd4 Bxg2 18. Kxg2 Qb7+ 19. Qf3 Qxf3+ 20. exf3 Rdc8 21.
f4 g6 22. Rfd1 Kf8 23. Kf3 a6 24. h3 Ke8 25. Ne3 b5 26. Nc6 Nb6 27. Nxe7 Kxe7
28. Bxf6+ Kxf6 29. Rxc8 Nxc8 30. Rd7 Ra7 31. Ng4+ Kg7 32. Ne5 Rxd7 33. Nxd7 Nd6
34. Nc5 Nc4 35. Nxa6 Nxa3 36. Ke4 Kf6 37. Kd4 Kf5 38. Nc7 f6 39. Ne8 e5+ 40. Kd5
exf4 41. Ng7+ Kg5 42. Ne6+ Kh6 43. Nxf4 g5 44. Ne2 Kg6 45. Nd4 f5 46. Kc5 Kf6
47. Nxb5 Nb1 48. Nd4 Nc3 49. b5 g4 50. hxg4 fxg4 51. b6 Na4+ 52. Kc6 Nxb6 53.
Kxb6 Ke5 54. Kc5 Ke4 55. Kc4 1-0

[Event "40th ECC Open 2025"]
[Site "Rhodes GRE"]
[Date "2025.10.22"]
[Round "4.93"]
[White "Ahlander, Bjorn"]
[Black "Brunner, Nicolas"]
[Result "1/2-1/2"]
[WhiteTitle "IM"]
[BlackTitle "IM"]
[WhiteElo "2382"]
[BlackElo "2429"]
[WhiteTeam "Lunds ASK"]
[BlackTeam "SG Riehen"]
[WhiteFideId "1700251"]
[BlackFideId "620246"]
[EventDate "2025.10.19"]
[EventType "team"]

1. e4 c5 2. Nf3 d6 3. d4 cxd4 4. Nxd4 Nf6 5. Nc3 Nc6 6. Bc4 Qb6 7. Nb3 e6 8. Bf4
Ne5 9. Be2 a6 10. Qd4 Qxd4 11. Nxd4 b5 12. f3 Nfd7 13. a4 b4 14. Na2 Rb8 15. Bd2
d5 16. exd5 exd5 17. O-O-O Bc5 18. Nb3 Bd6 19. Be3 Nb6 20. a5 Nbc4 21. Ba7 Rb5
22. Bb6 O-O 23. Nd4 Rxb6 24. axb6 Nxb6 25. b3 Bb7 26. Rhe1 g6 27. Kb1 Ra8 28. g3
Ned7 29. Bf1 Bf8 30. Re3 Bh6 31. f4 Bf8 32. h4 Nf6 33. Be2 Ne4 1/2-1/2

[Event "40th ECC Open 2025"]
[Site "Rhodes GRE"]
[Date "2025.10.22"]
[Round "4.94"]
[White "Haag, Gregor"]
[Black "Dragicevic, Drazen"]
[Result "1-0"]
[WhiteTitle "FM"]
[BlackTitle "FM"]
[WhiteElo "2403"]
[BlackElo "2334"]
[WhiteTeam "SG Riehen"]
[BlackTeam "Lunds ASK"]
[WhiteFideId "24680931"]
[BlackFideId "1707922"]
[EventDate "2025.10.19"]
[EventType "team"]

1. d4 d5 2. c4 e6 3. Nf3 Nf6 4. Nc3 c6 5. Bg5 Nbd7 6. e3 Qa5 7. Nd2 Bb4 8. Rc1
Ne4 9. Ndxe4 dxe4 10. Bh4 Qxa2 11. Qc2 Nb6 12. Be2 Na4 13. O-O Bxc3 14. bxc3
Qxc2 15. Rxc2 Nb6 16. c5 Nd5 17. c4 Ne7 18. f3 exf3 19. Bxf3 f6 20. Bh5+ Ng6 21.
Bg3 O-O 22. Bd6 Rd8 23. Ra2 Nh4 24. e4 Ng6 25. g3 a6 26. Bf3 Nf8 27. Bg2 Nd7 28.
h4 Re8 29. Kh2 e5 30. d5 b6 31. cxb6 Nxb6 32. Rc1 Bd7 33. Bc7 Nc8 34. Rb1 Kf7
35. c5 f5 36. exf5 Bxf5 37. Rf1 Kg6 38. d6 e4 39. Raf2 e3 40. Rxf5 e2 41. Rg5+ 1-0

[Event "40th ECC Open 2025"]
[Site "Rhodes GRE"]
[Date "2025.10.22"]
[Round "4.95"]
[White "Olsson, Linus"]
[Black "Cvitan, Ognjen"]
[Result "1/2-1/2"]
[WhiteTitle "FM"]
[BlackTitle "GM"]
[WhiteElo "2166"]
[BlackElo "2387"]
[WhiteTeam "Lunds ASK"]
[BlackTeam "SG Riehen"]
[WhiteFideId "1706098"]
[BlackFideId "14500086"]
[EventDate "2025.10.19"]
[EventType "team"]

1. d4 Nf6 2. c4 e6 3. g3 d5 4. Bg2 Be7 5. Nf3 O-O 6. O-O c6 7. Nbd2 b6 8. Qc2 c5
9. e4 Bb7 10. cxd5 exd5 11. e5 Ne8 12. Rd1 Nc6 13. dxc5 bxc5 14. Nb3 Nb4 15. Qb1
Nc7 16. Na5 Rb8 17. Nxb7 Rxb7 18. a3 Nc6 19. Qd3 h6 20. h4 Qb8 21. Bh3 Rb3 22.
Qf5 Rd8 23. Bg4 Ne6 24. Bh5 Rxf3 25. Bxf7+ Kh8 26. Qxf3 Ned4 27. Qg2 Qxe5 28. h5
Qf5 29. Bg6 Qg4 30. Bf4 Nf3+ 1/2-1/2

[Event "40th ECC Open 2025"]
[Site "Rhodes GRE"]
[Date "2025.10.22"]
[Round "4.96"]
[White "Collin, Moritz Valentin"]
[Black "Sigeman, Johan"]
[Result "1-0"]
[WhiteTitle "FM"]
[WhiteElo "2282"]
[BlackElo "2065"]
[WhiteTeam "SG Riehen"]
[BlackTeam "Lunds ASK"]
[WhiteFideId "1342932"]
[BlackFideId "1705601"]
[EventDate "2025.10.19"]
[EventType "team"]

1. e4 e5 2. Nf3 Nc6 3. Bb5 a6 4. Ba4 Nf6 5. O-O Be7 6. Re1 b5 7. Bb3 d6 8. c3
O-O 9. h3 Nb8 10. d4 Nbd7 11. a4 Bb7 12. Nbd2 Re8 13. Bc2 Bf8 14. b3 g6 15. Bd3
c6 16. Ba3 Nh5 17. Nf1 Nf4 18. Bc2 Nf6 19. Bc1 Qc7 20. Be3 N4h5 21. Bg5 h6 22.
Bd2 Kh7 23. g4 Nf4 24. Bxf4 exf4 25. Qd2 bxa4 26. Rxa4 c5 27. d5 Bg7 28. Qxf4
Nd7 29. c4 Re7 30. Ra2 Rae8 31. Kg2 Bc8 32. Qd2 Kg8 33. Ng3 Kh7 34. Ng1 Qd8 35.
f4 Nf8 36. Nf3 Kg8 37. Qf2 Qc7 38. Bd3 Qb8 39. Rb1 Rb7 40. Bc2 Rb6 41. Re1 Qc7
42. Bd1 Rb8 43. Rae2 Bc3 44. Rf1 Bg7 45. Bc2 Nd7 46. Re3 Bb7 47. Rfe1 Re7 48.
Ne2 Rbe8 49. Nc1 Bc8 50. Qd2 Qb8 51. Nd3 Kf8 52. R3e2 Kg8 53. Kf1 Kf8 54. Re3
Kg8 55. Qh2 Bc3 56. R1e2 Bd4 57. Nxd4 cxd4 58. Rf3 Rxe4 59. Rxe4 Rxe4 60. Qf2
Qb6 61. Nc1 Re3 62. Ne2 Rxf3 63. Qxf3 Qa5 64. Qd3 Qa1+ 65. Kg2 Qb2 66. Nxd4 Nc5
67. Qd2 Bd7 68. Kf3 Qa1 69. Kg2 Qb2 70. Qf2 Qc3 71. f5 Nd3 72. Bxd3 Qxd3 73.
fxg6 Qxg6 74. Qf4 Qd3 75. Nf3 Qg6 76. Kg3 Kf8 77. b4 Ke7 78. c5 Bb5 79. Nd4 1-0

[Event "40th ECC Open 2025"]
[Site "Rhodes GRE"]
[Date "2025.10.22"]
[Round "4.97"]
[White "Movsesian, Sergei"]
[Black "Williams, Simon K"]
[Result "1-0"]
[WhiteTitle "GM"]
[BlackTitle "GM"]
[WhiteElo "2600"]
[BlackElo "2426"]
[WhiteTeam "Sigil Fund Pardubice"]
[BlackTeam "Cheddleton Savills Catering"]
[WhiteFideId "310204"]
[BlackFideId "404454"]
[EventDate "2025.10.19"]
[EventType "team"]

1. e4 c5 2. Nf3 Nc6 3. Bb5 g6 4. O-O Bg7 5. Re1 e5 6. b4 cxb4 7. a3 Nge7 8. axb4
O-O 9. c3 d5 10. d3 Be6 11. Ng5 Bd7 12. exd5 Nxd5 13. Bc4 Nf4 14. Ne4 a6 15. d4
Bf5 16. Bxf4 exf4 17. Nbd2 g5 18. Qf3 Bh6 19. h3 Kh8 20. Nc5 Qf6 21. Bd3 Bc8 22.
b5 Ne7 23. bxa6 Rxa6 24. Nxa6 bxa6 25. Ne4 Qg7 26. Nd6 Be6 27. Rxa6 1-0

[Event "40th ECC Open 2025"]
[Site "Rhodes GRE"]
[Date "2025.10.22"]
[Round "4.98"]
[White "Pert, Richard G"]
[Black "Hracek, Zbynek"]
[Result "0-1"]
[WhiteTitle "IM"]
[BlackTitle "GM"]
[WhiteElo "2414"]
[BlackElo "2539"]
[WhiteTeam "Cheddleton Savills Catering"]
[BlackTeam "Sigil Fund Pardubice"]
[WhiteFideId "404748"]
[BlackFideId "300071"]
[EventDate "2025.10.19"]
[EventType "team"]

1. d4 Nf6 2. Nf3 e6 3. Bf4 h6 4. e3 Nh5 5. Qd2 d6 6. e4 Nxf4 7. Qxf4 g5 8. Qe3
Bg7 9. Nc3 Nc6 10. h3 Bd7 11. O-O-O Qf6 12. Kb1 a6 13. g3 O-O-O 14. Bg2 Kb8 15.
Rhe1 Rhe8 16. e5 Qe7 17. exd6 Qxd6 18. Ne5 Nxe5 19. dxe5 Qe7 20. a3 Bc8 21. f4
Rxd1+ 22. Rxd1 Rd8 23. Rxd8 Qxd8 24. Ka2 gxf4 25. gxf4 f6 26. Qg3 Qh8 27. exf6
Bxf6 28. Na4 Be7 29. Nc3 Bf6 30. Na4 Qf8 31. Nc3 Qd6 32. Ne4 Qd5+ 33. Qb3 Bd4
34. c4 Qf5 35. Qd3 e5 36. fxe5 Qxe5 37. Qb3 c6 38. Qc2 Be6 39. b3 Qh2 40. Qe2
Bxh3 41. Bf3 Qg1 42. Qd1 Qe3 43. Qd2 Qxd2+ 44. Nxd2 Kc7 45. b4 Kd6 46. a4 Be6
47. Kb3 Be3 48. Ne4+ Ke5 49. Kc3 Bd4+ 50. Kb3 h5 51. Ng5 Bg4 52. Bg2 Kf4 53. Nf7
Kg3 54. Be4 h4 55. b5 h3 56. bxc6 bxc6 57. Bxc6 h2 58. Ng5 Kf4 0-1

[Event "40th ECC Open 2025"]
[Site "Rhodes GRE"]
[Date "2025.10.22"]
[Round "4.99"]
[White "Nemec, Jachym"]
[Black "Eggleston, David J"]
[Result "1-0"]
[WhiteTitle "FM"]
[BlackTitle "IM"]
[WhiteElo "2448"]
[BlackElo "2357"]
[WhiteTeam "Sigil Fund Pardubice"]
[BlackTeam "Cheddleton Savills Catering"]
[WhiteFideId "23716525"]
[BlackFideId "412120"]
[EventDate "2025.10.19"]
[EventType "team"]

1. d4 Nf6 2. c4 e6 3. Nf3 Bb4+ 4. Bd2 Qe7 5. g3 Bxd2+ 6. Nbxd2 d6 7. e4 e5 8.
Bg2 a5 9. O-O O-O 10. h3 exd4 11. Nxd4 Qe5 12. Nb5 Na6 13. Nc3 Be6 14. Qe2 Nb4
15. Nf3 Qc5 16. b3 Rfe8 17. Rfe1 Nc6 18. Rad1 Ne5 19. Nd4 Bd7 20. a4 c6 21. f4
Ng6 22. Qf2 Qb4 23. Rd3 h5 24. Rb1 Qc5 25. Nde2 Qb4 26. Qd4 Ra6 27. Rbd1 Bc8 28.
Kh1 Nd7 29. Qe3 Ra8 30. Rxd6 Qxb3 31. Rxd7 Bxd7 32. Rxd7 Qxc4 33. Qd2 b5 34.
axb5 cxb5 35. e5 b4 36. Na4 Qb3 37. Bxa8 Rxa8 38. Qd5 Qb1+ 39. Kg2 Rf8 40. Rc7
h4 41. e6 Nh8 42. e7 Re8 43. Qc6 Kh7 44. Qxe8 Qe4+ 45. Kf1 hxg3 46. Qc6 g2+ 47.
Kg1 Qe3+ 48. Kh2 g1=Q+ 49. Nxg1 Qxf4+ 50. Kh1 1-0

[Event "40th ECC Open 2025"]
[Site "Rhodes GRE"]
[Date "2025.10.22"]
[Round "4.100"]
[White "Pert, Max"]
[Black "Delgerdalai, Bayarjavkhlan"]
[Result "0-1"]
[WhiteTitle "FM"]
[BlackTitle "FM"]
[WhiteElo "2221"]
[BlackElo "2376"]
[WhiteTeam "Cheddleton Savills Catering"]
[BlackTeam "Sigil Fund Pardubice"]
[WhiteFideId "456845"]
[BlackFideId "23727276"]
[EventDate "2025.10.19"]
[EventType "team"]

1. d4 Nf6 2. Nf3 e6 3. Bf4 b6 4. e3 Bb7 5. h3 d6 6. Nbd2 Nbd7 7. c3 g6 8. Bd3
Qe7 9. Qa4 a6 10. e4 b5 11. Qc2 e5 12. Bh2 exd4 13. cxd4 c5 14. dxc5 Nxc5 15.
O-O Bg7 16. Rfe1 O-O 17. Rad1 Nfd7 18. Nb3 Rac8 19. Qb1 Rfd8 20. Bc2 Nb6 21. Bg3
Nc4 22. Nbd4 Re8 23. Bh4 Bf6 24. Bxf6 Qxf6 25. Re2 Rc7 26. Rde1 Rce7 27. Bd3 Ne5
28. Nxe5 Qxe5 29. Nf3 Qf4 30. Nd2 d5 31. g3 Qf6 32. exd5 Bxd5 33. Rxe7 Rxe7 34.
Rxe7 Qxe7 35. Bf1 Qe5 36. Qc2 Ne6 37. b3 Nd4 38. Qd3 Bc6 39. f4 Qe1 40. Nb1 Nf3+ 0-1

[Event "40th ECC Open 2025"]
[Site "Rhodes GRE"]
[Date "2025.10.22"]
[Round "4.101"]
[White "Stehno, Pavel"]
[Black "Arkell, Keith C"]
[Result "1-0"]
[BlackTitle "GM"]
[WhiteElo "2305"]
[BlackElo "2348"]
[WhiteTeam "Sigil Fund Pardubice"]
[BlackTeam "Cheddleton Savills Catering"]
[WhiteFideId "313467"]
[BlackFideId "400270"]
[EventDate "2025.10.19"]
[EventType "team"]

1. e4 c6 2. d4 d5 3. e5 Bf5 4. Nf3 e6 5. Be2 Ne7 6. c3 Nd7 7. O-O c5 8. dxc5 Nc6
9. b4 a5 10. b5 Ncxe5 11. Nxe5 Nxe5 12. Qd4 Nc4 13. Rd1 Rc8 14. Na3 Nxa3 15.
Bxa3 b6 16. cxb6 Bxa3 17. b7 Rb8 18. Qxg7 Rf8 19. c4 Be7 20. cxd5 exd5 21. b6
Bf6 22. Bb5+ Ke7 23. Qg3 Bxa1 24. Rxa1 Qxb6 25. Qg5+ Qf6 26. Re1+ Be6 27. Qc1
Qd4 28. Qg5+ Qf6 29. Qc1 Qd4 30. Qg5+ f6 31. Qf5 Qb6 32. Qxd5 Rbd8 33. b8=Q Rxb8
34. Qd7# 1-0